| 000 | 01060nam a2200265 a 4500 | ||
|---|---|---|---|
| 001 | 000017342 | ||
| 003 | DO-SdBNP | ||
| 005 | 20240925135509.0 | ||
| 008 | 100323s2005 dr c 000 0 spa d | ||
| 020 | _a9993449334 | ||
| 040 |
_aDO-SdBNP _bspa _cBNPHU |
||
| 082 |
_a972.93054 _bR788r |
||
| 100 | 1 |
_aRosa, Jesús de la, _d1936- _933449 |
|
| 245 | 1 | 3 |
_aLa Revolución de Abril de 1965 : _bsiete días de guerra civil / _cJesús de la Rosa ; prólogo Franklin Franco ; presentación Porfirio García Fernández. |
| 260 |
_aSanto Domingo : _bNacional, _c2005. |
||
| 300 |
_a188 p. : _bretrs. ; _c23 cm. |
||
| 504 | _aBibliografía: p. 187-188. | ||
| 586 | _aPremio Nacional de Historia José Gabriel García, modalidad testimonio, 2005 | ||
| 651 | 4 |
_aRepública Dominicana _xHistoria _yRevolución, 1965 _92167 |
|
| 651 | 4 |
_aRepública Dominicana _xHistoria _yGolpe de Estado, 1963 _934712 |
|
| 700 | 1 |
_aFranco, Franklin, _epról. _934451 |
|
| 700 | 1 |
_aGarcía Fernández, Porfirio _917488 |
|
| 910 | _aValidado. Control de calidad MMOLINA | ||
| 942 |
_2ddc _cLBS1 |
||
| 999 |
_c16867 _d16867 |
||